Homenaje a Rafael Menjívar: Realizado por la Facultad de Ciencias Sociales de la Universidad de Costa Rica, 25 de agosto del 2000
Furkejuvvon:
| Materiálatiipa: | Texto |
|---|---|
| Fáttát: | |
| Fáddágilkorat: |
Lasit fáddágilkoriid
Eai fáddágilkorat, Lasit vuosttaš fáddágilkora!
|
MARC
| LEADER | 00000 a a2200000 04500 | ||
|---|---|---|---|
| 001 | 15241 | ||
| 003 | |||
| 040 | |||
| 245 | |a Homenaje a Rafael Menjívar: |b Realizado por la Facultad de Ciencias Sociales de la Universidad de Costa Rica, 25 de agosto del 2000 | ||
| 650 | |a BIOGRAFIAS | ||
| 773 | |g número 90 -91; páginas 177-195 | ||
| 999 | |c 24358 |d 24358 | ||
| 773 | 0 | |0 18728 |9 3045 |a Universidad de Costa Rica |d San José, Costa Rica Editorial UCR 1956- |o 16996 |t Revista de Ciencias Sociales/ |x 04825276 | |
